marguerite - Paroles les avions - Statistiques

Statistiques générales
  • Ce quiz a été pris 60 fois
  • Le résultat moyen est 233 sur 294
Statistiques - réponses
Hint Réponse % Correct
a
100%
à
100%
c'
97%
C'
97%
est
97%
Est
97%
l'
97%
qu'
97%
d'
94%
de
94%
des
94%
Des
94%
J'
94%
s'
94%
T'
94%
avions
92%
Ce
92%
ce
92%
Et
92%
et
92%
le
92%
ciel
89%
il
89%
qui
89%
y
89%
dans
86%
Dans
86%
les
86%
Couplet 1 On
86%
on
86%
restent
86%
tombent
86%
était
83%
jamais ?
83%
la
83%
La
83%
me
83%
ne
83%
Se
81%
se
81%
turbulences ?
81%
fini
78%
même
78%
quand
78%
savait
78%
traversent
78%
Je
75%
je
75%
Loin
75%
loin
75%
Paris
75%
partis
75%
gens,
72%
grêle
72%
mais
72%
plus
72%
Plus
72%
au
69%
dit
69%
pas
69%
s'ra
69%
te
69%
tout
69%
jour
64%
toujours
64%
un
64%
crois
61%
jolis ?
61%
affaiblir
58%
collision
58%
deux
58%
jolie,
58%
sur
58%
tes
58%
dernière
56%
écrit
56%
Couplet 2 Faudra
56%
Jusqu'
56%
lit
56%
mal
56%
mentir
56%
musique
56%
partition
56%
vu
56%
étais
53%
étreinte
53%
facile
53%
Faire
53%
fausses
53%
fringues
53%
gars
53%
gentil
53%
murs
53%
notes
53%
oreiller,
53%
peintures
53%
puis
53%
rende
53%
seul
53%
solide
53%
texte
53%
tous
53%
traces
53%
une
53%
amour
50%
Café
50%
clés
50%
croit
50%
faut
50%
laisse
50%
monde
50%
poli
50%
refaire
50%
refroidi,
50%
refroidi
50%
sous
50%
adieu
47%
bien
47%
ferme
47%
futur
47%
mieux
47%
moi
47%
nuit,
47%
porte
47%
pot,
47%
blinde,
44%
Changer
44%
Chez
44%
croix
44%
photos,
44%
Poussière
44%
rangé
44%
rires,
44%
tapis
44%
sauver
42%
Aucun quiz correspondant
Distribution des résultats
% des personnes avec chaque résultat
Percentile par nombre de réponses
Votre historique - résultats
Vous n’avez pas pris ce quiz